| 000 | 00511nam a22001937a 4500 | ||
|---|---|---|---|
| 003 | OSt | ||
| 005 | 20140310181750.0 | ||
| 008 | 130626t xxu||||| |||| 00| 0 eng d | ||
| 020 | _a9715530788 | ||
| 050 |
_aQ 121 _b.Al474 1991 |
||
| 082 |
_aFIL 372.3 _bSci2 1991 |
||
| 100 | _aAlvez, Arnaldo | ||
| 245 |
_aScience in Action / _cArnaldo Alvez. |
||
| 260 |
_aQuezon City : _bAbiva Publishing Hse, _c1991. |
||
| 300 |
_aviii. 292 p. : _bill. ; _e26 cm. |
||
| 562 | _e1 | ||
| 942 |
_2lcc _cBK |
||
| 999 |
_c3185 _d3185 |
||